书目信息 |
| 题名: |
武术运动基本训练
|
|
| 作者: | 蔡龙云 著 | |
| 分册: | ||
| 出版信息: | 上海 上海教育出版社 1979 |
|
| 页数: | 166页 | |
| 开本: | 19cm | |
| 丛书名: | ||
| 单 册: | ||
| 中图分类: | G852.02 | |
| 科图分类: | ||
| 主题词: | 武术--训练 , 武术 , 民族形式体育 | |
| 电子资源: | ||
| ISBN: | ||
| 000 | 00644nam0 2200253 45 | |
| 001 | 0179003900 | |
| 005 | 20040506142710.9 | |
| 010 | @dCNY0.48 | |
| 091 | @a7150.1908 | |
| 100 | @a19950717d1979 em y0chiy0121 ea | |
| 101 | 0 | @achi |
| 102 | @aCN@b310000 | |
| 105 | @aa z 000yy | |
| 106 | @ar | |
| 200 | 10 | @a武术运动基本训练@Awu shu yun dong ji ben xun lian@f蔡龙云著 |
| 210 | @a上海@c上海教育出版社@d1979 | |
| 215 | @a166页@c插图@d19cm | |
| 606 | @a武术@x训练 | |
| 606 | 0 | @a武术 |
| 606 | 0 | @a民族形式体育 |
| 690 | @aG852.02 | |
| 701 | 0 | @a蔡龙云@Acai long yun@4著 |
| 801 | 0 | @aCN@bNLC@c20040506 |
| 905 | @f1@b209764@dG852.02@e24 | |
| 武术运动基本训练/蔡龙云著.-上海:上海教育出版社,1979 |
| 166页:插图;19cm |
| ISBN :CNY0.48 |
| ● |
| 相关链接 |
|
|
|
|
正题名:武术运动基本训练
索取号:G852.02/24
 
预约/预借
| 序号 | 登录号 | 条形码 | 馆藏地/架位号 | 状态 | 备注 |
| 1 | 0149999 | 202078642 | 第一样本阅览室/ [索取号:G852.02/24] | 在馆 | |
| 2 | 0209764 | 000065422 | 密集书库/ [索取号:G852.02/24] | 在馆 |